U.S. States by Dog-Cat and Cat-Dog Ratio - Statistics

General Stats
  • This quiz has been taken 16 times
  • The average score is 17 of 19
Answer Stats
Group Ratio State % Correct
d 1.15 Georgia
100%
d 1.29 Texas
100%
d 1.35 Arkansas
94%
d 1.27 Louisiana
94%
c 1.66 Maine
94%
d 1.32 New Mexico
94%
c 1.40 New York
94%
d 1.27 Oklahoma
94%
c 1.65 Vermont
94%
c 1.57 Connecticut
88%
c 1.87 Massachusetts
88%
d 1.20 Missouri
88%
c 1.46 New Hampshire
88%
d 1.25 Arizona
81%
c 1.39 Ohio
81%
c 1.43 Pennsylvania
81%
d 1.23 Tennessee
81%
c 1.83 Maryland
63%
d 1.27 Mississippi
63%
No matching quizzes found
Score Distribution
Percent of People with Each Score
Percentile by Number Answered
Your Score History
You have not taken this quiz